[Event "Olympiad-40"]
[Site "Istanbul"]
[Date "2012.08.29"]
[Round "2.2"]
[White "Kindermann, Stefan"]
[Black "Marin, Mihail"]
[Result "1/2-1/2"]
[WhiteElo "2498"]
[BlackElo "2548"]
[Annotator "Marin,M"]
[PlyCount "62"]
[EventDate "2012.08.28"]
[EventType "team-swiss"]
[EventRounds "11"]
[EventCountry "TUR"]
[SourceTitle "CBM 151"]
[Source "ChessBase"]
[SourceDate "2012.11.13"]
[SourceVersion "1"]
[SourceVersionDate "2012.11.13"]
[SourceQuality "1"]
[WhiteTeam "Austria"]
[BlackTeam "Romania"]
[WhiteTeamCountry "AUT"]
[BlackTeamCountry "ROU"]

1. e4 e6 2. d4 d5 3. Nd2 Nf6 4. e5 Nfd7 5. Bd3 c5 6. c3 b6 $5 {I was attracted
by this old-fashioned variation because it avoids the mass of theory after 6...
Nc6. Still, I am not sure whether I have chosen it against the right opponents
so far: on both occasions when I played it, they were even "more experienced"
than me, which means that they knew how to meet my setup in the best way.} 7.
Nh3 $5 {The best, according to old and new theory.} (7. f4 Ba6 8. Bb1 {
introduced in GM practice by Ivanchuk,V (2535)-Moskalenko,V (2440)/Lvov 1988/
CBM 007 (1-0, 46) is not easy to neutralize.}) (7. Ne2 {is basically as good.
When preparing the line for the first time, I had a look at the following two
oldies, played by World Champions:} Ba6 8. Bxa6 Nxa6 9. O-O Nc7 10. f4 (10. Nf4
{transposes to the main game.}) 10... f5 11. exf6 (11. Nf3 Be7 12. Be3 c4 13.
Kh1 b5 14. Rg1 Nb6 15. g4 fxg4 16. Rxg4 g6 17. h4 Kd7 18. Qc2 Qf8 19. Rag1 Ne8
20. R4g2 Ng7 {Bednarski,J (2395)-Petrosian,T (2645)/Lugano 1968/MCD (0-1, 30)})
11... Nxf6 12. Nf3 Bd6 13. Ng3 O-O 14. Ne5 cxd4 15. cxd4 Ne4 $132 {Kan,
I-Botvinnik,M/Soviet Union 1952/EXT 2000 (0-1, 40)}) 7... Ba6 8. Bxa6 Nxa6 9.
O-O Nc7 10. Nf4 c4 $5 {I saw no reason for delaying this planned move. First
we set the queenside structure and then we decide what to do with the king.} (
10... Be7 11. Qg4 g6 12. Nf3 c4 13. h4 h5 14. Qg3 b5 15. Nh3 {Berelovich,A 
(2541)-Jussupow,A (2622)/Germany 2002/CBM 093/[Mueller,Karsten] (1-0, 59) and
Rublevsky,S (2645)-Kosyrev,V (2540)/Kazan 2005/CBM 109/[Postny] (1-0, 47)}) 11.
a4 (11. Qg4 b5 12. Nf3 (12. a4 {allows Black to get an original form of
counterplay by apparently spoiling his structure:} bxa4 13. Rxa4 g6 14. Nf3 a5
15. Re1 Nb6 16. Ra1 Qd7 17. h4 h6 18. g3 a4 19. Ng2 Nb5 20. Qf4 a3 $132 {
Sowray,P (2383)-Socko,B (2646)/Tromsoe 2010/CBM 137 Extra (0-1, 36)}) 12... g6
13. h4 Nb6 $5 14. h5 Qd7 15. Bd2 (15. hxg6 hxg6 16. Bd2 {is more restrictive,
but Black should be doing fine anyway.}) 15... O-O-O 16. hxg6 fxg6 $1 $132 {
White will not be able to keep the kingside blocked too easily.} 17. Nh3 ({
The difference is that} 17. Ng5 {can be parried with} Re8) 17... Re8 18. Bg5 h6
19. Bf6 Rg8 20. b3 Kb7 (20... Ba3 $5) 21. Nf4 Qf7 22. bxc4 bxc4 23. a4 Ka8 24.
Rfb1 Nd7 25. Qh4 Rc8 26. Rb2 Qe8 27. Qg4 Qf7 28. Rab1 Nxf6 29. exf6 Qxf6 30.
Ne5 Bd6 31. Re1 ({When sacrificng the pawn and avoiding the draw by repetition,
White had probably put big hopes in} 31. Nc6 Bxf4 32. Rb7 {, missing the
spectacular} Nb5 $3 $19) 31... Qf5 $15 {Alsina Leal,D (2540)-Rombaldoni,A 
(2469)/Forni di Sopra 2012 (0-1, 62)}) 11... a6 12. b3 ({Blocking the
queenside offers Black a clear plan: castling long and starting kingside play.
} 12. b4 b5 13. a5 Qe7 14. Re1 O-O-O 15. Qg4 h6 16. Nf3 g5 17. Nh5 f5 18. exf6
Nxf6 19. Nxf6 Qxf6 20. h4 Bd6 $132 {Wolff,P (2585)-Kortschnoj,V (2625)/Biel
1993/CBM 037/[Ambroz] (0-1, 34)}) 12... b5 13. Re1 ({A few weeks later, I
faced more serious problems after:} 13. bxc4 bxc4 14. Qg4 g6 15. h4 Nb6 16. h5
{White refrains from a4-a5 in order to avoid giving me the b5-square for the
knights.} Qd7 17. Qd1 a5 18. Nf3 O-O-O 19. Re1 Kb7 20. Re2 Ka6 21. Rea2 Rb8 22.
Qc2 Be7 $6 23. h6 $1 Nc8 24. Nh3 $14 {1/2 Itkis,B (2429)-Marin,M (2551)/
Constanta-Mamaia 2012} Bf8) (13. Nh5 g6 14. Nf6+ Nxf6 15. exf6 cxb3 16. Qxb3
Rb8 $13 {Efimenko,Z (2638)-Socko,B (2635)/Gibraltar 2008/CBM 122 Extra (1/2,
26)}) 13... g6 $146 {I had no idea that this is a novelty.} ({But I am sure
that I did not have the least intention to give up the queenside tension.} 
13... cxb3 14. Nxb3 bxa4 15. Rxa4 Nb6 16. Ra2 Nb5 17. Qd3 $32 {Kotronias,V 
(2510)-Reefschlaeger,H (2370)/Gausdal 1990/TD (1-0, 33)}) 14. Nf3 Nb6 15. a5
Nc8 16. b4 ({I was expecting} 16. Ba3 Bxa3 17. Rxa3 {and was wondering (I
still am...) whether I could make use of the given time to play} O-O) 16... Kd7
$1 {As in Korchnoi's game above, the queenside becomes the safest residence
for the king.} 17. h4 Be7 18. g3 Na7 19. Be3 Nc6 20. Qd2 Qf8 21. Rab1 {Just to
make sure that nothing will explode on b4.} Qg7 22. Kg2 h6 ({Even in blocked
positions one has to be aware of tactics:} 22... Rag8 $2 23. Nxd5 $1 Nxd5 24.
Bh6 $18) 23. Nh3 Rag8 24. Rh1 {White has prevented my kingside expansion, so I
found nothing better than transferring the knights to better squares.} Ne8 25.
Bf4 Bd8 26. Rbe1 Ne7 27. g4 {Equivalent to a draw offe, but according to the
rules we had to reach move 30 first.} h5 28. g5 Qf8 29. Ra1 Ng7 30. Nhg1 Ngf5
31. Ne2 Kc6 1/2-1/2

[Event "La Laguna op 4th"]
[Site "La Laguna"]
[Date "2010.04.07"]
[Round "4"]
[White "Korneev, Oleg"]
[Black "Cori Tello, Deysi Estella"]
[Result "1-0"]
[WhiteElo "2558"]
[BlackElo "2434"]
[Annotator "Minzer,C"]
[PlyCount "87"]
[EventDate "2010.04.05"]
[EventType "swiss"]
[EventRounds "9"]
[EventCountry "ESP"]
[SourceTitle "CBM 135 Extra"]
[Source "ChessBase"]
[SourceDate "2010.05.04"]
[SourceVersion "1"]
[SourceVersionDate "2010.05.04"]
[SourceQuality "1"]

1. e4 e6 2. d4 d5 3. Nd2 Nf6 4. e5 Nfd7 5. c3 c5 6. Bd3 Nc6 7. Ne2 {Diagrama #
Las blancas desarrollan su caballo por e2 dejando libre f3 para el otro
caballo, de esa manera el punto d4 podrá ser defendido. La semana pasada vimos
Ngf3 con un planteamiento de gambito.} cxd4 8. cxd4 f6 9. exf6 Nxf6 10. O-O Bd6
11. Nf3 O-O ({La otra gran opción que tienen las negras pasa por} 11... Qc7 {
evitando el cambio de los alfiles negros con 12.Bf4} 12. Bg5 O-O 13. Rc1 {
donde las blancas intentan el cambio de los mencionados alfiles vía Bh4-g3.})
12. Bf4 Nh5 $5 {Diagrama # Mucho menos jugado, las negras buscan el control de
la casilla f4 mientras despejan la columna f.} ({Cori se aparta de la
discusión teórica} 12... Bxf4 13. Nxf4) 13. Bxd6 Qxd6 14. Qd2 ({Los teóricos
señalan} 14. Ng3 {seguramente la idea es quitarle sentido al sacrificio de
calidad en f3, un tema latente en este tipo de posición} Nf4 15. Bb5 $1 {
gran parte de la idea de controlar la casilla e5 pasa por la previa
eliminación del caballo de c6} Bd7 (15... Ne7 16. Rc1 Neg6 17. Re1 Bd7 {
y ahora la recomendación de Andreas Tzermiadianos} 18. Bd3 $14) 16. Bxc6 Bxc6
17. Qb3 a5 18. Ne5 Qb4 19. Qe3 {sacrificio de peón con buenas posibilidades de
compensación, se "obligará" al cambio de caballos acentuando la pasividad del
alfil de casillas blancas} Qxb2 20. Rfb1 Qc2 21. Rc1 Qb2 22. a3 Qb6 23. Rab1
Qd8 24. Ne2 Nxe2+ 25. Qxe2 $44 {Nisipeanu,L-Visser,Y/Groningen 1997}) 14... Nf4
({Si} 14... Bd7 15. Qe3 {la dama queda bien ubicada en e3, defiende el peón d4
controla las debilidades contrarias de la columna e y, por sobre todo,
minimiza el tema del sacrificio de calidad en f3.}) ({Por tal motivo se podía
directamente} 14... Rxf3 $5 15. gxf3 Bd7 16. Bb5 Rf8 17. Qe3 $14) 15. Nxf4 Qxf4
{Korneev no tiene ningún reparo en seguir simplificando la posición pero que
las negras se queden con su pasivo alfil.} 16. Rad1 a6 {Pensando en el final
las debilidades de casillas negras del flanco dama son evidentes.} ({La
amenaza posicional es} 16... Z0 17. Bb5 $1 {seguido de la captura del caballo
y un completo dominio del punto e5.}) 17. Rfe1 g6 {Cori no tiene ningún reparo
en seguir dejando debilidades en las casillas negras. El avance del peón a g6
se debe a la constante amenaza que hay sobre el punto h7.} 18. Bb1 {Se
amenazaba la captura en d4.} Bd7 19. Qxf4 Rxf4 20. Ne5 $1 {Diagrama # El plan
de Korneev es muy claro siendo un modelo estratégico para los partidarios de
blancas para los jugadores de la Variante Tarrasch.} Nxe5 21. Rxe5 {Con la
elimnación del segundo caballo el dominio de las casillas negras es mayor.}
Raf8 22. f3 Rc8 {La torre solo tiene c4 para ser agresiva por la columna c.}
23. Kf2 {Korneev lleva su rey a e3, empieza a vislumbrarse otra diferencia
ventajosa para el primer jugador: Rey activo en el final.} Rc4 24. Ke3 Rf8 25.
Bd3 Rb4 26. Rd2 Rc8 27. b3 Rc1 28. Rc2 {La torre negra empieza a ser molesta,
Korneev encuentra la línea donde obliga a su cambio.} Re1+ ({Si} 28... Rh1 29.
Rc7 $16) 29. Kd2 Rxe5 30. dxe5 $16 {Diagrama # Las blancas renuncian a la
debilidad de la casilla e5 pero su dominio de casillas negras cada vez se hace
mayor. Tiene un mejor rey, ahora el peón en e5 comprime la posición impidiendo
que el rey contrario pueda participar. La diferencia en la coordinación de
piezas es evidente.} Kf7 ({No se podía evitar la entrada en séptima con} 30...
Bc6 $2 {por} 31. Bxa6 $1) 31. Rc7 Ke8 32. Kc3 Rh4 33. h3 Bc6 34. a4 Kd8 35. Rg7
Bd7 {Diagrama #} 36. Bf1 $1 $18 {La clave para quebrar la posición pasa por
aprovechar la extraña posición de la torre negra. Se amenaza g3 o g4 según el
caso.} d4+ ({O} 36... a5 {que podría ser respondido con} 37. g4 $1 {y la torre
negra esta en problemas.}) 37. Kd2 b5 38. g3 $1 {El peón que se pierde no
tiene mayor importancia, se recuperará el material en el momento oportuno.} Rh5
39. f4 bxa4 40. bxa4 Bxa4 41. h4 Rf5 ({En caso de} 41... Bb5 {se podrían
cambiar alfiles con un mejor final, pero es más fuerte} 42. Bh3 $1 Rh6 43. Bg4
$1 {la torre esta en su mínima expresión.}) 42. Rxh7 {La captura de los demás
peones puede seguir esperando.} Bd7 (42... a5 43. Ra7) 43. Bxa6 Rf8 44. Kd3 {
Diagrama # Cori prefiere abandonar, sigue la captura del peón de d4 y
posterior entrada del rey por c5-d6 mientras las negras no tienen ningún tipo
de contrajuego. Gran técnica de Korneev.} 1-0

[Event "La Laguna op 4th"]
[Site "La Laguna"]
[Date "2010.04.07"]
[Round "4"]
[White "Gonzalez Vidal, Yuri"]
[Black "Gleizerov, Evgeny"]
[Result "1-0"]
[WhiteElo "2512"]
[BlackElo "2565"]
[Annotator "Minzer,C"]
[PlyCount "65"]
[EventDate "2010.04.05"]
[EventType "swiss"]
[EventRounds "9"]
[EventCountry "ESP"]
[SourceTitle "CBM 135 Extra"]
[Source "ChessBase"]
[SourceDate "2010.05.04"]
[SourceVersion "1"]
[SourceVersionDate "2010.05.04"]
[SourceQuality "1"]

1. e4 e6 2. d4 d5 3. Nd2 Nf6 {Ante la Variante Tarrasch (3.Cd2) las negras
responden con una de las líneas principales. Las otras opciones más jugadas
son 3...c5 y 3...Ae7.} 4. e5 Nfd7 5. Bd3 c5 6. c3 Nc6 7. Ngf3 {Diagrama #
ESTRATEGIA: Las blancas suelen jugar 7.Ce2 para llevar el otro caballo a f3 y,
de esa forma, defender el punto d4 (objetivo de las negras en toda estructura
francesa). Con 7.Cgf3 las blancas juegan de gambito entregando el peón
central a cambio de un mayor desarrollo y ventaja de espacio propiciada por el
peón e5.} g6 ({La idea de entregar el peón pasa por:} 7... Qb6 8. O-O cxd4 9.
cxd4 Nxd4 10. Nxd4 Qxd4 11. Nf3 Qb6 {donde se suele seguir con} 12. Qa4 {
con intención de pasar al flanco rey} Qb4 13. Qc2 Qc5 14. Qe2 Be7 15. Be3 {
con un buen dominio de la columna c abierta. Las blancas tienen suficiente
compensación por el peón.}) 8. h4 $1 {Diagrama # APERTURA: La jugada más
agresiva que tienen las blancas, de esta forma el plan del segundo jugador con
...Ag7, ...0-0 y ...f6 no puede hacerse efectivo, el otro intento es 8.0-0
pero aquí las negras no sienten la misma presión.} h6 9. Qe2 {También 9.a3 con
idea de expandirse con b2-b4 o 9.Ac2 para Cb3. El movimiento de la dama es
útil debido a que puede sostener el centro con De2-e3.} cxd4 $146 {Novedad de
Gleizerov que ya tenía experiencia en esta posición.} ({Se había jugado} 9...
Bg7 10. Nf1 Qa5 (10... O-O 11. h5 g5 $2 (11... cxd4 $142) 12. Bxg5 $1 hxg5 13.
h6 Bh8 14. h7+ Kg7 15. Nxg5 $3 Qxg5 16. Rh5 Qxh5 (16... Qxg2 17. Ne3 Qg1+ 18.
Kd2 $18) 17. Qxh5 $16 Re8 18. Ne3 b6 19. Ng4 Kf8 20. Nh6 Nd8 21. Ng8 {1-0
Fluvia Poyatos,J-Mayo Martinez,M/Calella de Palafrugell 2004}) 11. Bd2 Qb6 12.
Be3 cxd4 13. cxd4 Qb4+ 14. N1d2 (14. Qd2 $5) 14... Qxb2 15. O-O Qa3 16. Nb3 Qe7
17. Rac1 $44 {Una vez más las blancas tienen buena compensación por el peón.}
a6 18. Qd2 Nb4 19. Be2 Nc6 20. Rfe1 Nb6 21. Nc5 Qc7 22. Qc2 Bd7 23. Qb1 Rb8 24.
Nh2 Qd8 25. Ng4 Na5 26. Bf4 g5 27. hxg5 hxg5 28. Bg3 Bc8 29. Nf6+ $1 $18 Bxf6
30. exf6 Ra8 31. Bg4 Nac4 32. Bxe6 Kf8 (32... Bxe6 33. Rxe6+ fxe6 34. Qg6+ Kf8
35. Nxe6#) 33. Qf5 Rh6 34. Bxc8 Rxc8 35. Re7 Rc6 36. Qxg5 Rcxf6 37. Rxb7 Rhg6
38. Qh4 Rh6 39. Qg5 Rhg6 40. Qh5 Rh6 41. Qe2 Rc6 42. Bf4 Rhg6 43. Qh5 Kg7 44.
Re1 Qf6 45. Re8 {1-0 Bauer,C-Gleizerov,E/Biel SUI 2009}) 10. cxd4 Nb4 11. Nb1 {
Diagrama # El blanco entrega su mejor alfil a cambio de mejorar las piezas y,
por sobre todo, mantener la ventaja de espacio.} ({Es malo} 11. Bb1 $2 b6 {
seguido de ...Aa6.}) 11... Nxd3+ 12. Qxd3 Nb8 {Con idea de lograr un mejor
desarrollo del flanco dama.} 13. Nc3 b6 14. O-O Qd7 15. Nb5 a5 16. a4 Nc6 17.
Bd2 Nb4 $6 ({Mejor} 17... Ba6 18. Rfc1 $14) 18. Qc3 Kd8 {El juego de las
negras va perdiendo coordinación.} 19. Qe3 {Aquí la dama pasa al flanco rey en
dos tiempos sin mejorar el caballo de f3.} ({Mejor} 19. Nh2 $1 {con idea de
Cg4 además de dejar la casilla f3 libre para la dama.}) 19... Ba6 20. Qf4 {
Se amenaza Df6+ pero también el negro queda esclavizado en la defensa del peón
f7.} Rh7 {Defiende el peón pero dificilmente esta pieza pueda activarse.} 21.
h5 ({Más fuerte era} 21. Bxb4 Bxb4 22. h5 {la idea es que después de} g5 23.
Nxg5 $1 hxg5 24. Qxg5+ $18 {la última línea de las negras ha quedado
debilitada y el siguiente jaque Dg8 ganará la torre.}) 21... gxh5 $2 {
Diagrama # TÁCTICA: Con mayor descoordinación de piezas es mejor no abrir la
posición.} ({Mejor} 21... g5) 22. Qh4+ Be7 23. Qg3 $1 {La amenaza Dg8+ es muy
molesta.} Rh8 24. Qg7 ({Se tenía un fuerte dominio de las casillas negras
después de} 24. Bxb4 $1 Bxb4 25. Qg7 Rf8 26. Nd6 $3 Bxd6 27. exd6 Qxd6 28. Rfc1
$16 {seguido de Ce5.}) 24... Rf8 25. Bxh6 {El blanco recupera material pero lo
más importante es que sigue teniendo objetivos de ataque.} Bxb5 26. axb5 Qxb5
27. Ng5 {El peón f7 es el objetivo primordial.} ({Aunque parece mejor} 27. Bg5
$5 Qe8 28. Rac1 $44) 27... Kd7 $2 ({Había que aceptar la pasividad y jugar} 
27... Qe8 28. Qh7 Bxg5 29. Bxg5+ Kc7 30. Qxh5 f5 $1 $132) 28. Nh7 Qd3 {
Entregando calidad para no perder en f7.} 29. Nxf8+ Rxf8 30. Rfd1 Qf5 31. Ra3
$18 Qc2 32. Rc1 {Diagrama # La entrada de las torres por la columna c es
decisiva.} Qxb2 33. Rac3 {No hay defensa ante Tc7+ o Dh7.} 1-0

[Event "Bundesliga 0203"]
[Site "Germany"]
[Date "2002.12.14"]
[Round "5.3"]
[White "Berelowitsch, Alexander"]
[Black "Jussupow, Artur"]
[Result "1-0"]
[WhiteElo "2541"]
[BlackElo "2622"]
[Annotator "Mueller,Karsten"]
[PlyCount "117"]
[EventDate "2002.10.19"]
[EventType "team-tourn"]
[EventRounds "15"]
[EventCountry "GER"]
[SourceTitle "CBM 093"]
[Source "ChessBase"]
[SourceDate "2003.04.01"]
[SourceVersion "1"]
[SourceVersionDate "2003.04.01"]
[SourceQuality "1"]
[WhiteTeam "Emsdetten Turm"]
[BlackTeam "Solingen"]
[WhiteTeamCountry "GER"]
[BlackTeamCountry "GER"]

1. e4 e6 2. d4 d5 3. Nd2 Nf6 4. e5 Nfd7 5. Bd3 c5 6. c3 b6 7. Ne2 Ba6 8. Bxa6
Nxa6 9. O-O Nc7 10. Nf4 Be7 11. Qg4 g6 12. Nf3 c4 (12... h5 13. Qg3 c4 (13...
g5 14. Ne2 g4 15. Ne1 Nf8 16. f4 Qd7 17. f5 exf5 18. Qf4 Nfe6 19. Qxf5 O-O-O
$132 {0-1 Siklosi,Z-Moskalenko,V/St Ingbert 1990/EXT 97 (33)}) 14. a4 $6 {
das folgende Spiel am Damenflügel überzeugt nicht recht und spielt eher
Schwarz in die Karten.} (14. h4 $5) 14... Nb8 15. b3 cxb3 16. Nd2 Nc6 17. Nxb3
Rc8 18. Qh3 Kf8 19. g4 $6 Kg8 20. gxh5 Bg5 $15 {0-1 Ye Jiangchuan-Zhang Zhong/
Beijing 1996/CBM 54 ext (67)}) 13. h4 h5 14. Qg3 b5 15. Nh3 a5 (15... Nb6 16.
Nfg5 Qd7 17. Qf3 Bd8 18. b3 a5 19. Ba3 $6 b4 20. cxb4 Nb5 21. bxa5 Nxa3 22.
axb6 Bxb6 23. bxc4 Nxc4 24. Rfd1 O-O 25. Qe2 Ra4 $44 {0-1 Tzermiadianos,
A-Skalkotas,N/Liosia 1991/EXT 2003 (41). (41)}) 16. Nfg5 Rg8 17. Re1 Nf8 18.
Re3 Rg7 19. Rf3 Qd7 20. Bd2 Na6 21. Re1 Nb8 22. Ree3 Bxg5 $6 (22... Nc6 {
gefällt mir besser, weil die schwarzen Felder nach dem Abtausch des Le7 doch
recht schwach sind.}) 23. Qxg5 $14 Nc6 24. Qf6 Rg8 25. Re1 (25. Rf4 $4 Nh7 $19)
25... Rb8 26. Ng5 Rb7 27. Qf4 Rg7 28. Qf6 Rg8 29. Qf4 Rg7 30. Bc1 $5 {
Berelovich gruppiert in Ruhe um und wartet auf den richtigen Moment
zuzuschlagen.} Qe7 31. Qd2 Nd7 32. Qc2 Nd8 33. Nh3 Nb6 34. Bg5 Qc7 35. Qd2 (35.
Bf6 Rg8 36. Ng5 Nc6 $14) 35... Nd7 36. Bh6 Rh7 37. Bg5 Nc6 (37... Rg7 $5) 38.
Qc2 Ne7 $2 {lässt die folgende taktische Wendung zu.} (38... b4 {war besser.
Darauf könnte es mit} 39. Bf6 {oder mit} (39. Nf4 {weitergehen.})) 39. Bxe7 $1
Kxe7 40. Ng5 Rg7 {[%tqu "En","White to move and win","","","f3f7","",7,"De",
"Weiß zieht und gewinnt","","","f3f7","",7]} 41. Rxf7+ $3 {[%mdl 640]} Rxf7 42.
Qxg6 Rf8 43. Qh7+ Ke8 44. Qxh5+ Ke7 45. Qh7+ Ke8 46. Qg6+ Ke7 47. Qxe6+ Kd8 48.
Qxd5 Kc8 49. Ne6 Qb6 50. Nxf8 Nxf8 51. e6 Ng6 52. h5 Ne7 53. Qg5 Qd8 54. Re5
Nc6 55. Qf5 Ne7 (55... Nxe5 56. e7+ Qd7 57. e8=Q+ $18) 56. Rc5+ Rc7 57. Rxc7+
Qxc7 58. Qxb5 Kd8 59. h6 1-0